| 000 | 00542nam a2200205Ia 4500 | ||
|---|---|---|---|
| 003 | BUBTL | ||
| 008 | 151213s9999 xx 000 0 und d | ||
| 082 |
_a515.9 _bKHC |
||
| 100 | _aM.L.Khanna | ||
| 245 |
_aComplex Variables _cM.L.Khanna |
||
| 250 | _a14th | ||
| 260 |
_aNew Delhi _bJai Prakashnath and Co. _c2007 |
||
| 300 |
_a[viii] , 534p . : _b21cm . _cMathematics . |
||
| 650 | _aMathematics | ||
| 650 | _aMathematics | ||
| 700 | _aM.L.Khanna | ||
| 856 |
_k0 _l0 _yDownload |
||
| 942 |
_2ddc _cBK |
||
| 999 |
_c3733 _d3733 |
||